000 00613nam a22001217a 4500
999 _c23708
_d23708
003 NUST
005 20170607105004.0
008 140101b xxu||||| |||| 00| 0 eng d
020 _a1932078010
_cAvailable
040 _aDLC
_bDLC
_cRCMS
082 _a620.00452 KEC
_b002562
100 _aDimitri B,Kececioglu
_92114
245 _aReliability Engineering Handbook Vol-2
_cKececioglu Dimitri
260 _aUSA
_bDEStech Publications
_cc.2002
300 _axxv,550,p:
_bill:
_c22,cm.
538 _iShelf No 1 Row No 3
650 _xAerospace and Mechanical Engineering
_92115
856 _3Table of Content Only
942 _2ddc
_cBK